000 01157nam a2200217Ia 4500
999 _c29578
_d29578
003 OSt
005 20211209121039.0
008 160316s2011 xxu||||| |||| 00| 0 eng d
020 _a9780199592647
040 _cNLS
082 _a343.07 LAN
100 _aLang Andrew
245 _aWorld trade law after neoliberlism : Re-imaging the global economic order
260 _aOxford
_bOxford University Press
_c2011
300 _a385p
_cxxv
365 _bRs. 1,995
505 _aContents: 1 Introduction; Part I Regime Encounters: Trade And Human Rights; 2 ‘Trade and Human Rights’ in Historical Perspective; 3 The Global Justice Movement; 4 Inter-Regime Contestation; 5 The Limits of Coherence; Part II The Trade Regime And The Neoliberal Turn; 6 Against Objectivism; 7 Embedded Liberalism and Purposive Law; 8 Neoliberalism and the Formal-Technical Turn; 9 Trade in Services; Part III Conclusion; 10 Conclusion: After Neoliberalism?.
650 _a1. Foreign Trade Regulation - Political Aspects2. Free Trade - Political Aspects3. International Economic Relations - Political Aspects4. Neoliberalism
700 _a
_a
942 _2ddc
_cBK